| Tag |
First Indicator |
Second Indicator |
Subfields |
| LEADER |
00000cam a2200000 i 4500 |
| 001 |
in00000089695 |
| 005 |
20151008065502.0 |
| 008 |
810211s1980 caua b 10000 engm |
| 010 |
|
|
|a 80083084
|
| 035 |
|
|
|a (OCoLC)07279430
|
| 035 |
|
|
|9 AAK6036AM
|
| 040 |
|
|
|a DLC
|c DLC
|d m.c.
|d OCL
|d TXA
|d UtOrBLW
|
| 049 |
|
|
|a TXAM
|c [933441]
|
| 050 |
0 |
0 |
|a QA76.6
|b .T884
|
| 082 |
0 |
|
|a 658/.0542
|2 19
|
| 245 |
0 |
0 |
|a Tutorial, software configuration management :
|b initially presented at COMPSAC 80, October 27-31, 1980, the IEEE Computer Society's Fourth International Computer Software & Applications Conference /
|c [compiled by] William Bryan, Christopher Chadbourne, Stan Siegel.
|
| 264 |
|
1 |
|a [Los Alamitos, Calif.] :
|b [Computer Society Press, IEEE Computer Society, Institute of Electrical and Electronics Engineers],
|c [1980]
|
| 264 |
|
4 |
|c [©1980]
|
| 300 |
|
|
|a v, 452 pages :
|b illustrations ;
|c 28 cm.
|
| 336 |
|
|
|a text
|b txt
|2 rdacontent
|
| 337 |
|
|
|a unmediated
|b n
|2 rdamedia
|
| 338 |
|
|
|a volume
|b nc
|2 rdacarrier
|
| 500 |
|
|
|a "IEEE Catalog number EHO 169-3."
|
| 504 |
|
|
|a Includes bibliographical references.
|
| 650 |
|
0 |
|a Computer programming
|x Management.
|
| 700 |
1 |
|
|a Bryan, William,
|d 1928-
|
| 700 |
1 |
|
|a Chadbourne, Christopher.
|
| 700 |
1 |
|
|a Siegel, Stanley G.
|
| 711 |
2 |
|
|a COMPSAC
|n (4th :
|d 1980 :
|c Chicago, Ill.)
|
| 999 |
|
|
|a MARS
|
| 999 |
f |
f |
|s 500b3a92-ca91-3551-a964-7730c38e7d2c
|i 9a5a272a-5826-32ce-b28a-1f15f85c3192
|t 0
|
| 952 |
f |
f |
|p ric
|a Texas A&M University
|b Rellis Campus
|c Joint Library Facility
|d Remote Storage
|t 0
|e QA76.6 .T884
|h Library of Congress classification
|i unmediated -- volume
|m A14806201936
|
| 998 |
f |
f |
|a QA76.6 .T884
|t 0
|l Remote Storage
|